MARC details
| 000 -CABECERA |
| campo de control de longitud fija |
01368nam a2200325 a 4500 |
| 001 - NÚMERO DE CONTROL |
| campo de control |
000008709 |
| 003 - IDENTIFICADOR DEL NÚMERO DE CONTROL |
| campo de control |
OCoLC |
| 005 - FECHA Y HORA DE LA ÚLTIMA TRANSACCIÓN |
| campo de control |
20200929161407.0 |
| 008 - DATOS DE LONGITUD FIJA--INFORMACIÓN GENERAL |
| campo de control de longitud fija |
090907s2007 ve 000 0 spa d |
| 020 ## - NÚMERO INTERNACIONAL ESTÁNDAR DEL LIBRO |
| Número Internacional Estándar del Libro |
9789802764426 |
| 020 ## - NÚMERO INTERNACIONAL ESTÁNDAR DEL LIBRO |
| Número Internacional Estándar del Libro |
9802764426 |
| 035 ## - NÚMERO DE CONTROL DEL SISTEMA |
| Número de control de sistema |
(OCoLC)435999710 |
| 040 ## - FUENTE DE LA CATALOGACIÓN |
| Centro catalogador/agencia de origen |
DO-SdBNP |
| Lengua de catalogación |
spa |
| Centro/agencia transcriptor |
BNPHU |
| 090 ## - LOCALMENTE ASIGNADO TIPO-LC NÚMERO DE CLASIFICACIÓN (OCLC); NÚMERO DE CLASIFICACIÓN LOCAL (RLIN) |
| Número de clasificación (OCLC) (R) ; Numero de clasificación, CALL (RLIN) (NR) |
E863.44 |
| Número cutter local (OCLC) ; Número de libro/Signatura topográfica íntegra, CALL (RLIN) |
O775j |
| 049 ## - FONDOS LOCALES (OCLC) |
| Fondos de biblioteca |
BNPD |
| Mención de copia |
1 [005085] |
| 100 1# - ENTRADA PRINCIPAL--NOMBRE DE PERSONA |
| Nombre de persona |
Ortiz, Adalberto, |
| Fechas asociadas al nombre |
1914-2003 |
| 9 (RLIN) |
23189 |
| 245 10 - MENCIÓN DE TÍTULO |
| Título |
Juyungo : |
| Resto del título |
la envoltura del sueño / |
| Mención de responsabilidad, etc. |
Adalberto Ortiz ; prólogo, bibliografía y cronología Miguel Donoso Pareja. |
| 260 ## - PUBLICACIÓN, DISTRIBUCIÓN, ETC. |
| Lugar de publicación, distribución, etc. |
Caracas : |
| Nombre del editor, distribuidor, etc. |
Fundación Biblioteca Ayacucho, |
| Fecha de publicación, distribución, etc. |
2007. |
| 300 ## - DESCRIPCIÓN FÍSICA |
| Extensión |
xlix, 428 ; |
| Dimensiones |
23 cm. |
| 490 1# - MENCIÓN DE SERIE |
| Mención de serie |
Clásica |
| Designación de volumen o secuencia |
216 |
| 500 ## - NOTA GENERAL |
| Nota general |
Incluye cronología biográfica del autor: p. 413-417 |
| 504 ## - NOTA DE BIBLIOGRAFÍA, ETC. |
| Nota de bibliografía, etc. |
Incluye referencias bibliográficas y notas al pie de las páginas. |
| 505 0# - NOTA DE CONTENIDO CON FORMATO |
| Nota de contenido con formato |
Prólogo / por Miguel Donoso Pareja -- Criterio de esta edición -- Juyungo. Historia de un negro, una isla y otros negros -- Cosas del anunciador y guía para el lector -- Cronología -- Bibliografía. |
| 650 #4 - PUNTO DE ACCESO ADICIONAL DE MATERIA--TÉRMINO DE MATERIA |
| Término de materia o nombre geográfico como elemento de entrada |
Novela ecuatoriana |
| 9 (RLIN) |
5017 |
| 650 #4 - PUNTO DE ACCESO ADICIONAL DE MATERIA--TÉRMINO DE MATERIA |
| Término de materia o nombre geográfico como elemento de entrada |
Literatura ecuatoriana |
| Subdivisión general |
Crítica e interpretación |
| Subdivisión cronológica |
SIGLO XX |
| 9 (RLIN) |
23190 |
| 700 1# - PUNTO DE ACCESO ADICIONAL--NOMBRE DE PERSONA |
| Nombre de persona |
Donoso Pareja, Miguel |
| Fechas asociadas al nombre |
1931-, |
| Término indicativo de función/relación |
pról. |
| 9 (RLIN) |
23191 |
| 830 #0 - PUNTO DE ACCESO ADICIONAL DE SERIE-TÍTULO UNIFORME |
| Título uniforme |
Clásica |
| Designación de volumen o secuencia |
216 |
| 9 (RLIN) |
23192 |
| 910 ## - DATOS DE OPCIÓN DEL USUARIO (OCLC) |
| Datos de opción del usuario |
Validado. Control de calidad BNPHU |
| 994 ## - |
| -- |
C0 |
| -- |
BNPHU |
| 999 99 - NÚMEROS DE CONTROL DE SISTEMA (KOHA) |
| -- |
0000259 |